| 000 | 00973nas a2200301 4500 | ||
|---|---|---|---|
| 001 | BR2018002120 | ||
| 003 | BR-BrBNA | ||
| 005 | 20231205131440.0 | ||
| 007 | ta | ||
| 008 | 230509b bl.|||p| |||| 00| 00por d | ||
| 040 |
_aBR-BrBNA _bpor _cBiblioteca Nacional de Agricultura |
||
| 041 | _a(Pt) | ||
| 072 | _aP34 | ||
| 100 | 1 | _aMergulhão, A.C. do E.S. | |
| 100 | 1 | _aSilva, M.V. da | |
| 100 | 1 | _aLyra, M. do C.C.P. de | |
| 100 | 1 | _aFigueiredo, M. do V.B. | |
| 100 | 1 | _aSilva, M.L.R.B. da | |
| 100 | 1 | _aMaia, L.C. | |
| 245 | 1 | _aCaracterização morfológica e molecular de fungos micorrízicos arbusculares isolados de áreas de mineração de gesso, Araripina, PE, Brasil | |
| 650 | _aMICORRIZA VESICULAR ARBUSCULAR | ||
| 650 | _aFUNGO | ||
| 650 | _aMINERAÇÃO | ||
| 650 | _aPERNAMBUCO | ||
| 773 | 0 |
_tHoehnea (Brazil) _xISSN 0073-2877 _g(Sep 2014), v. 41(3) p. 393-400 _wBR2018002120 |
|
| 909 |
_a202311 _bLúcia _c55 _dLúcia Elande |
||
| 942 |
_2AGRIS _n0 _cANA |
||
| 999 |
_c254889 _d254889 |
||